Macroeconomic theory and Policy (Record no. 3413)

MARC details
000 -LEADER
fixed length control field 00392nam a22001697a 4500
005 - DATE AND TIME OF LATEST TRANSACTION
control field 20210828165853.0
008 - FIXED-LENGTH DATA ELEMENTS--GENERAL INFORMATION
fixed length control field 160621b xxu||||| |||| 00| 0 eng d
020 ## - INTERNATIONAL STANDARD BOOK NUMBER
ISBN 81-85274-16-9
041 ## - LANGUAGE CODE
Language code of text/sound track or separate title eng
082 ## - DEWEY DECIMAL CLASSIFICATION NUMBER
Item number 8780
110 ## - MAIN ENTRY--CORPORATE NAME
Corporate name or jurisdiction name as entry element Bramsen, william H
245 ## - TITLE STATEMENT
Title Macroeconomic theory and Policy
260 ## - PUBLICATION, DISTRIBUTION, ETC. (IMPRINT)
Name of publisher UBS
Year of publication 1995
300 ## - PHYSICAL DESCRIPTION
Number of Pages 537
650 ## - SUBJECT ADDED ENTRY--TOPICAL TERM
Topical Term Management
942 ## - ADDED ENTRY ELEMENTS (KOHA)
Koha item type Books
Holdings
Lost status Damaged status Collection code Home library Current library Shelving location Date acquired Cost, normal purchase price Accession Number Koha item type
    MANAGEMENT JRU Library JRU Library SHELF-58-F 21/06/2016 125.00 8780 Books